<?xml version="1.0" encoding="UTF-8"?><?xml-stylesheet type="text/xsl" href="static/style.xsl"?><OAI-PMH xmlns="http://www.openarchives.org/OAI/2.0/" xmlns:xsi="http://www.w3.org/2001/XMLSchema-instance" xsi:schemaLocation="http://www.openarchives.org/OAI/2.0/ http://www.openarchives.org/OAI/2.0/OAI-PMH.xsd"><responseDate>2026-04-27T13:08:49Z</responseDate><request verb="GetRecord" identifier="oai:uvadoc.uva.es:10324/28459" metadataPrefix="marc">https://uvadoc.uva.es/oai/request</request><GetRecord><record><header><identifier>oai:uvadoc.uva.es:10324/28459</identifier><datestamp>2021-06-29T19:53:20Z</datestamp><setSpec>com_10324_38</setSpec><setSpec>col_10324_852</setSpec></header><metadata><record xmlns="http://www.loc.gov/MARC21/slim" xmlns:doc="http://www.lyncode.com/xoai" xmlns:xsi="http://www.w3.org/2001/XMLSchema-instance" xmlns:dcterms="http://purl.org/dc/terms/" xsi:schemaLocation="http://www.loc.gov/MARC21/slim http://www.loc.gov/standards/marcxml/schema/MARC21slim.xsd">
<leader>00925njm 22002777a 4500</leader>
<datafield tag="042" ind1=" " ind2=" ">
<subfield code="a">dc</subfield>
</datafield>
<datafield tag="720" ind1=" " ind2=" ">
<subfield code="a">Ruiz Chicote, Noelia</subfield>
<subfield code="e">author</subfield>
</datafield>
<datafield tag="260" ind1=" " ind2=" ">
<subfield code="c">2017</subfield>
</datafield>
<datafield tag="520" ind1=" " ind2=" ">
<subfield code="a">El objetivo principal de este trabajo fin de grado es estudiar el estado de la conciliación de la vida laboral, familiar y personal y la implantación e importancia que tiene en las empresas, haciendo una especial referencia a la práctica del teletrabajo como medida de conciliación. Se pretende dar una visión general de la conciliación y el teletrabajo a nivel teórico y normativo y su aplicación práctica en el ámbito empresarial. Las principales medidas de conciliación, su implantación en la empresa y los beneficios y costes que supone. Se hace un especial estudio del teletrabajo como medida de conciliación, las ventajas y desventajas que reporta su aplicación, así como los tipos de teletrabajo y teletrabajadores existentes. Para conocer su alcance real, se ha estudiado el Grupo Repsol, como empresa de referente en aplicación de medidas de conciliación y pionera en la implantación del teletrabajo en su modelo organizativo.</subfield>
</datafield>
<datafield tag="024" ind2=" " ind1="8">
<subfield code="a">http://uvadoc.uva.es/handle/10324/28459</subfield>
</datafield>
<datafield tag="245" ind1="0" ind2="0">
<subfield code="a">Las Empresas y sus Políticas de Conciliación de la Vida Laboral y Personal: especial referencia al Teletrabajo. El caso de Grupo Repsol.</subfield>
</datafield>
</record></metadata></record></GetRecord></OAI-PMH>